Escribir desde el Océano : la navegación de Hernando de Alarcón y otras retóricas del andar por el Nuevo Mundo /

Bibliographic Details
Main Author: Rodríguez, Jimena (Author)
Corporate Author: Walter de Gruyter & Co
Other Authors: Alarcón, Hernando de, 1500-1541
Format: eBook
Language:Spanish
Published: Madrid : Frankfurt am Main : Iberoamericana ; Vervuert, 2018.
Series:Paraíso en el Nuevo Mundo ; 5.
Subjects:
Online Access:Connect to the full text of this electronic book

MARC

Tag First Indicator Second Indicator Subfields
LEADER 00000cam a22000001i 4500
001 in00004148024
006 m |o d |
007 cr |n|||||||||
008 200326t20182018sp ab ob 000 0 spa d
005 20260115200118.8
020 |a 9783954879489 (electronic bk.) 
020 |a 3954879484 (electronic bk.) 
020 |z 9788491920236 
020 |z 8491920234 
020 |z 9783954879472 
020 |z 3954879476 
024 8 |a 99984122535 
035 |a (NhCcYBP)ybp15882545 
040 |a NhCcYBP  |c NhCcYBP  |d UtOrBLW 
041 1 |a spa  |h ita 
043 |a n-mx--- 
050 4 |a E125.A53  |b R647 2018 
082 1 4 |a 910  |2 14 
100 1 |a Rodríguez, Jimena,  |e author.  |0 http://id.loc.gov/authorities/names/no2012046449 
245 1 0 |a Escribir desde el Océano :  |b la navegación de Hernando de Alarcón y otras retóricas del andar por el Nuevo Mundo /  |c Jimena N. Rodríguez. 
264 1 |a Madrid :  |b Iberoamericana ;  |a Frankfurt am Main :  |b Vervuert,  |c 2018. 
264 4 |c ©2018 
300 |a 1 online resource. 
336 |a text  |b txt  |2 rdacontent 
337 |a computer  |b c  |2 rdamedia 
338 |a online resource  |b cr  |2 rdacarrier 
490 1 |a El Paraíso en el Nuevo Mundo ;  |v 5 
500 |a Includes a Spanish translation of the Italian translation of Hernando de Alarcón's diary of his journey up the Gulf of California, the original Spanish language version having been lost to posterity. 
504 |a Includes bibliographical references (pages 173-187). 
588 |a Description based on print version record. 
500 |a Electronic resource. 
600 1 0 |a Alarcón, Hernando de,  |d 1466-1540  |x Travel  |z America. 
651 0 |a California, Gulf of (Mexico)  |x Discovery and exploration. 
651 0 |a America  |x Discovery and exploration  |x Spanish.  |0 http://id.loc.gov/authorities/subjects/sh85004256 
650 0 |a Ocean travel  |x History  |y 16th century  |x Sources. 
655 7 |a Electronic books.  |2 local 
700 1 2 |a Alarcón, Hernando de,  |d 1500-1541.  |t Relatione della navigatione & scoperta che fece il capitano Fernando Alarcone per ordine della illustrissimo signor don Antonio de Mendozza vice re della Nuova Spagna.  |l Spanish.  |0 http://id.loc.gov/authorities/names/n2006086092 
710 2 |a Walter de Gruyter & Co.  |0 http://id.loc.gov/authorities/names/n81126942 
776 1 8 |c Original  |z 9788491920236  |z 8491920234  |z 9783954879472  |z 3954879476  |w (DLC) 2018488296 
830 0 |a Paraíso en el Nuevo Mundo ;  |v 5.  |0 http://id.loc.gov/authorities/names/no2016105858 
856 4 0 |u http://proxy.library.tamu.edu/login?url=https://www.degruyter.com/isbn/9783954879489  |z Connect to the full text of this electronic book  |t 0 
955 |a YBP purchased firm e-records 
980 |b 25.00  |g 1 
999 f f |s a1149cf7-2fdc-3c08-8e1d-a0824c25321f  |i 2fd659e2-f116-3572-b718-67ca262db248  |t 0 
952 f f |a Texas A&M University  |b College Station  |c Electronic Resources  |s www_evans  |d Available Online  |t 0  |e E125.A53 R647 2018  |h Library of Congress classification 
998 f f |a E125.A53 R647 2018  |t 0  |l Available Online